Az üzletpolitika tervezése és a stratégiai marketing.
Systémy podpory rozhodovania. Systém marketingových informácií. Metódy zhromažďovania informácií. Marketing a stratégia v plánovaní. Predaj, výroba, vývoj, zásobovanie, financie ako faktory konkurencie. Spôsob prípravy obchodného plánu.
Saved in:
| Main Author: | |
|---|---|
| Format: | Book Chapter |
| Language: | Hungarian |
| Subjects: | |
| Tags: |
No Tags, Be the first to tag this record!
|
MARC
| LEADER | 00000naa a2200000 4500 | ||
|---|---|---|---|
| 001 | r011045 | ||
| 005 | 20221125113454.8 | ||
| 041 | 0 | |a hun | |
| 044 | |a HU | ||
| 245 | 1 | 0 | |a Az üzletpolitika tervezése és a stratégiai marketing. |c L. Antal |
| 520 | |a Systémy podpory rozhodovania. Systém marketingových informácií. Metódy zhromažďovania informácií. Marketing a stratégia v plánovaní. Predaj, výroba, vývoj, zásobovanie, financie ako faktory konkurencie. Spôsob prípravy obchodného plánu. | ||
| 610 | 2 | 0 | |a rozhodovanie |
| 610 | 2 | 0 | |a politika obchodná |
| 610 | 2 | 0 | |a marketing |
| 610 | 2 | 0 | |a informácie |
| 610 | 2 | 0 | |a zdroje informácií |
| 610 | 2 | 0 | |a zber dát |
| 610 | 2 | 0 | |a predaj |
| 610 | 2 | 0 | |a výroba |
| 610 | 2 | 0 | |a vývoj |
| 610 | 2 | 0 | |a zásobovanie |
| 610 | 2 | 0 | |a financie |
| 610 | 2 | 0 | |a tvorba plánu |
| 100 | 1 | |a Antal, L. | |